000 01471nam a2200397 i 4500
001 ELB248009
003 FINmELB
005 20250326043006.0
006 m o d |
007 cr cnu||||||||
008 231226s2023 sp o 001 0 spa d
020 _a9788411841139
_q(e-book)
035 _a(OCoLC)1418811215
040 _aFINmELB
_bspa
_erda
_cFINmELB
050 4 _aTH5604
_bP281 2023
080 _a6784.1
082 0 4 _a694
_223
100 1 _aPascual Cortés, Juan Miguel,
_eautor.
245 1 0 _aMecanizado de madera y derivados :
_bMAMD0209 /
_cJuan Miguel Pascual Cortés.
250 _aSegunda edición.
264 1 _aMálaga :
_bIC Editorial,
_c2023.
300 _a1 recurso en línea (526 páginas)
336 _atexto
_btxt
_2rdacontent/spa
337 _acomputadora
_bc
_2rdamedia/spa
338 _arecurso en línea
_bcr
_2rdacarrier/spa
490 1 _aMAMD0209 - Trabajos de carpintería y mueble
500 _aIncluye índice.
588 _aDescripción basada en metadatos suministrados por el editor y otras fuentes.
590 _aRecurso electrónico. Santa Fe, Arg.: elibro, 2024. Disponible vía World Wide Web. El acceso puede estar limitado para las bibliotecas afiliadas a elibro.
650 4 _aCarpintería.
650 4 _aConstrucción.
655 4 _aLibros electrónicos.
797 2 _aelibro, Corp.
830 0 _aMAMD0209 - Trabajos de carpintería y mueble.
856 4 0 _uhttps://elibro.net/ereader/usam/248009
999 _c138559
_d138559